| 000 | 00667nam a2200217 i 4500 | ||
|---|---|---|---|
| 001 | 5957 | ||
| 003 | ES-MaACL | ||
| 005 | 20240312145958.0 | ||
| 007 | t| | ||
| 008 | 890616s1986 fr ||||1|bfre d | ||
| 020 | _a2-221-05205-6 | ||
| 080 | _a92 Sade,Marques de | ||
| 080 | _a84(Sade,M.de):92 | ||
| 100 | 1 |
_aPauvert, Jean-Jacques. _989673 |
|
| 245 | 1 | 0 |
_aSade vivant _b: une innocence sauvage-- : 1740-1777 / _cJean-Jacques Pauvert. |
| 260 |
_aParis : _bRobert Laffont, _c1986. |
||
| 300 |
_aXII, 429 p. ; _c24 cm. |
||
| 600 | 1 | 4 |
_aSade, _cmarquis de, _d1740-1814 _9101276 |
| 852 |
_aES-MaACL _jL-13121 _bR.113571 _z. - rust. |
||
| 999 |
_c5957 _d5957 |
||